000 004350000a22001810004500
003 LK-CoMWRAF
008 230817t ||||| |||| 00| 0 eng d
040 _aLK-CoMWRAF
_dLK-CoMWRAF
_eLK-CoMWRAF
041 _aeng
082 _a410
_bTOW
245 _aTowards liberation in Pakistan
_b
260 _aColombo
_bCSR
_c1989
300 _ap.118
490 _aLogos vol.28, No.1
650 _aIslam
650 _aWomen & Islam
942 _cBK
999 _c436
_d436